Art and the Bible (Record no. 20548)
[ view plain ]
| 000 -LEADER | |
|---|---|
| fixed length control field | 00352nam a22001337a 4500 |
| 008 - FIXED-LENGTH DATA ELEMENTS--GENERAL INFORMATION | |
| fixed length control field | 241112b |||||||| |||| 00| 0 eng d |
| 020 ## - INTERNATIONAL STANDARD BOOK NUMBER | |
| International Standard Book Number | 9780830834013 |
| 050 ## - LIBRARY OF CONGRESS CALL NUMBER | |
| Classification number | BR115.A8 |
| Item number | .S33 |
| 100 ## - MAIN ENTRY--PERSONAL NAME | |
| Personal name | Schaeffer, Francis A. |
| 245 ## - TITLE STATEMENT | |
| Title | Art and the Bible |
| 260 ## - PUBLICATION, DISTRIBUTION, ETC. (IMPRINT) | |
| Place of publication, distribution, etc. | Downers Grove, Illinois |
| Name of publisher, distributor, etc. | Inter vasity Press |
| Date of publication, distribution, etc. | 2006 |
| 300 ## - PHYSICAL DESCRIPTION | |
| Extent | 94p. |
| 942 ## - ADDED ENTRY ELEMENTS (KOHA) | |
| Source of classification or shelving scheme | Library of Congress Classification |
| Koha item type | General Collection |
| Withdrawn status | Lost status | Source of classification or shelving scheme | Not for loan | Home library | Current library | Date acquired | Cost, normal purchase price | Inventory number | Total Checkouts | Full call number | Barcode | Date last seen | Copy number | Price effective from | Koha item type |
|---|---|---|---|---|---|---|---|---|---|---|---|---|---|---|---|
| Library of Congress Classification | Kabarak, Main Campus | Kabarak, Main Campus | 12/11/2024 | 852.00 | 2024/0680 | BR115.A8 .S33 2024 C.1 | 33754 | 12/11/2024 | C.1 | 12/11/2024 | General Collection | ||||
| Library of Congress Classification | Kabarak, Main Campus | Kabarak, Main Campus | 12/11/2024 | 852.00 | 2024/0681 | BR115.A8 .S33 2024 C.2 | 33753 | 12/11/2024 | C.2 | 12/11/2024 | General Collection |